000 00510nam a2200181 4500
003 SEACOMMC
005 20250428145805.0
008 241218b |||||||| |||| 00| 0 eng d
020 _a7-0-17093-20-0
_cRs.350.00
040 _aSEACOMMC
082 _a657
_bD 621
100 _a Dixon, Robert L
245 1 _aThe McGraw-Hill 36-hour Accounting Course
_cRobert L. Dixon, Harold E. Arnett
250 _a3rd ed.
260 _a New Delhi
_bTata McGraw-Hill
_c2005
650 _a Business & Economics
942 _cBOOK
999 _c899
_d899